000 00658nam a2200217 i 4500
001 61327
003 ES-MaACL
005 20250804054021.0
007 t|
008 031111s1966 sp ||||1| spa d
100 1 _aEvely, Louis.
_948385
245 1 0 _aDios en tu prójimo /
_cLouis Evely ; [tradujo: Alfonso Ortiz García].
260 _aSalamanca :
_bSígueme,
_c1966.
300 _a115 p. ;
_c19 cm.
490 1 _aColeccion Hinneni ;
_v62
650 0 7 _aVida cristiana
_2embne
_917790
700 1 _aOrtiz García, Alfonso.
_987618
830 0 _aColeccion Hinneni ;
_v62
_9182305
852 _aES-MaACL
_jC-31010
_bR.61404
999 _c61327
_d61327